00871nam a2200289Ia 4500001000900000003000500009005001700014008004100031010001100072020001800083040000900101082002000110245012400130260004200254300001800296500002500314504002800339650002700367650001600394650002100410650001500431650001800446650004100464700001900505700002700524700003000551dia_3435CHAP20230313124613.0220117s1989 xx 000 0 und d a173899 a0-07-053081-5 cCHAP a633.85 O35 1989 aOil crops of the world : their breeding and utilization /c edición Gerhard Röbbelen, R. Keith Downey, Amram Ashri aNew York, USA :b McGraw-Hill,c1989 axviii, 553 p. aMaterial fotocopiado aIncluye bibliografías aCultivos oleaginosos  aOil crops  aOilseed products aOilseeds  aOleaginosas  aProductos derivados de oleaginosas  aAshri, A., ed. aDowney, R. Keith, ed.  aRöbbelen, Gerhard, ed.